Para los ninos : (Record no. 21493)

MARC details
000 -LEADER
fixed length control field 01470nam a2200385 a 4500
001 - CONTROL NUMBER
control field sjds1132768
003 - CONTROL NUMBER IDENTIFIER
control field sjds
005 - DATE AND TIME OF LATEST TRANSACTION
control field 20181031190031.0
008 - FIXED-LENGTH DATA ELEMENTS--GENERAL INFORMATION
fixed length control field 040413t20002000nyua j 000 0 spa d
010 ## - LIBRARY OF CONGRESS CONTROL NUMBER
LC control number 99075613
020 ## - INTERNATIONAL STANDARD BOOK NUMBER
International Standard Book Number 0439147182 (Permabound)
035 ## - SYSTEM CONTROL NUMBER
System control number 175165
035 ## - SYSTEM CONTROL NUMBER
System control number (OCoLC)43314216
035 ## - SYSTEM CONTROL NUMBER
System control number 175165
040 ## - CATALOGING SOURCE
Modifying agency UtOrBLW
Transcribing agency sjds
041 1# - LANGUAGE CODE
Language code of text/sound track or separate title spa
Language code of original eng
100 0# - MAIN ENTRY--PERSONAL NAME
Personal name John Paul
Numeration II,
Titles and words associated with a name Pope,
Dates associated with a name 1920-2005,
Relator term author.
240 10 - UNIFORM TITLE
Uniform title <a href="For the children.">For the children.</a>
Language of a work Spanish
245 10 - TITLE STATEMENT
Title Para los ninos :
Remainder of title palabras de amor e inspiracion de Su Santidad el Papa Juan Pablo II.
250 ## - EDITION STATEMENT
Edition statement First edition.
260 ## - PUBLICATION, DISTRIBUTION, ETC. (IMPRINT)
Place of publication, distribution, etc. New York :
Name of publisher, distributor, etc. Scholastic Press/Callaway Editions,
Date of publication, distribution, etc. c2000
264 #1 - PRODUCTION, PUBLICATION, DISTRIBUTION, MANUFACTURE, AND COPYRIGHT NOTICE
Place of production, publication, distribution, manufacture New York :
Name of producer, publisher, distributor, manufacturer Scholastic Press/Callaway Editions,
Date of production, publication, distribution, manufacture, or copyright notice [2000]
264 #4 - PRODUCTION, PUBLICATION, DISTRIBUTION, MANUFACTURE, AND COPYRIGHT NOTICE
Date of production, publication, distribution, manufacture, or copyright notice c2000
300 ## - PHYSICAL DESCRIPTION
Extent 32 pages :
Other physical details illustrations (some color) ;
Dimensions 24 cm
336 ## - CONTENT TYPE
Content type term text
Content type code txt
Source rdacontent
337 ## - MEDIA TYPE
Media type term unmediated
Media type code n
Source rdamedia
338 ## - CARRIER TYPE
Carrier type term volume
Carrier type code nc
Source rdacarrier
520 ## - SUMMARY, ETC.
Summary, etc. A collection of addresses by His Holiness John Paul II, in which he provides words of inspiration particular to young people to guide them in making life choices.
526 0# - STUDY PROGRAM INFORMATION NOTE
Program name Accelerated Reader
Interest level MG
Reading level 4.8
Title point value 0.5
Public note 39739SP
650 #0 - SUBJECT ADDED ENTRY--TOPICAL TERM
Topical term or geographic name as entry element Christian children
General subdivision Religious life
Form subdivision Juvenile literature.
650 #0 - SUBJECT ADDED ENTRY--TOPICAL TERM
Topical term or geographic name as entry element Christian life
General subdivision Catholic authors
Form subdivision Juvenile literature.
650 #0 - SUBJECT ADDED ENTRY--TOPICAL TERM
Topical term or geographic name as entry element Christian life
Form subdivision Juvenile literature.
650 #0 - SUBJECT ADDED ENTRY--TOPICAL TERM
Topical term or geographic name as entry element Conduct of life
Form subdivision Juvenile literature.
942 ## - ADDED ENTRY ELEMENTS (KOHA)
Koha item type Libro/Book

No items available.

Powered by Koha